The Art of construction : Projects and principles for beginning engineers and architects
Salvato in:
| Autore principale: | |
|---|---|
| Natura: | Libro |
| Lingua: | Undetermined |
| Pubblicazione: |
Chicago
Chicago Review Press
1990
|
| Soggetti: | |
| Tags: |
Aggiungi Tag
Nessun Tag, puoi essere il primo ad aggiungerne! !
|
| Thư viện lưu trữ: | Trung tâm Học liệu Trường Đại học Cần Thơ |
|---|
| LEADER | 00561nam a2200193Ia 4500 | ||
|---|---|---|---|
| 001 | CTU_83644 | ||
| 008 | 210402s9999 xx 000 0 und d | ||
| 082 | |a 624.1 | ||
| 082 | |b S182 | ||
| 100 | |a Salvadori, Mario | ||
| 245 | 4 | |a The Art of construction : | |
| 245 | 0 | |b Projects and principles for beginning engineers and architects | |
| 245 | 0 | |c Mario Salvadori | |
| 260 | |a Chicago | ||
| 260 | |b Chicago Review Press | ||
| 260 | |c 1990 | ||
| 650 | |a Building materials | ||
| 904 | |i Qhieu(sửa) | ||
| 980 | |a Trung tâm Học liệu Trường Đại học Cần Thơ | ||